000 00622cab a22001935a 4500
001 L158930
008 151009e20150926xxk 000 0 eng d
035 _a(Sirsi) u158930
041 0 _aeng
100 1 _aDeckker, Sebastian
245 0 4 _aThe Other Contenders
260 _c2015
490 _aEstates Gazette
_v(1538) 26 September 2015, 100-101(2)
520 _aFurther examines traditional methods of valuation. Includes information on the investment method, the profits method, contractor's method and the residual method.
590 _aKA
651 4 _aUnited Kingdom
690 _aValuation
_96273
942 _n0
999 _c84735
_d84735